01086nam a22002297a 4500003000400000005001700004008004100021040001500062245003300077500033700110650002200447650003700469650002100506650002200527650002700549856005100576856009000627942001000717942001500727999001900742952009500761OSt20250217141806.0241018b |||||||| |||| 00| 0 eng d aChapcChap00aCambridge Journal Collection a343 títulos con factor de impacto. Colección multidisciplinaria con acceso a texto completo y retrospectivo. 38 títulos en Acceso Abierto. Temáticas: Humanidades y ciencias del comportamiento, ley química y biología, ciencias de la ingeniería, economía y ciencias sociales, biotecnología y ciencias agriculturales. 4aEconomía935226 4aHumanidadesxFilosofía9127629 4aQuímica993552 4aBiología912773 4aBiotecnología912878 uhttp://www.cambridge.org/corezACCESO RED UACh uhttps://chapingo.idm.oclc.org/login?url=http://www.cambridge.org/corezACCESO EXTERNO 2local cITEMRECELE c220199d220199 00102local40708OAaBDbBDcE_Ld2024-10-21l0r2024-10-21 18:30:29w2024-10-21yOA-REV